SCH - Carrière - Statistiques

Statistiques générales
  • Ce quiz a été pris 63 fois
  • Le résultat moyen est 72 sur 233
Statistiques - réponses
Hint Réponse % Correct
2 A7
96%
14 Fusil
91%
1 Anarchie
84%
1 John Lennon
84%
7 Gomorra
82%
2017 Ciel (feat. Worms-T)
76%
3 Je la connais
73%
12 Champs-Élysées
71%
9 Liquide (feat. Lacrim)
71%
6 Otto
69%
10 Pas de manières (feat. Sadek & Lapso)
67%
3 Solides
67%
8 Allo maman
64%
17 Bénéfice
64%
4 Gedeon
64%
11 Himalaya
64%
16 Ciel rouge
62%
8 Interlude
62%
13 La nuit
62%
2 Marché noir
62%
3 Pharmacie
62%
9 Prêt à partir (feat. Ninho)
62%
2 VNTM
62%
16 Baden Baden (feat. GIMS)
60%
8 J'attends
60%
13 Murcielago
60%
2 Prequel
60%
6 Autobahn
58%
4 Cartine Cartier (feat. Sfera Ebbasta)
58%
13 Ciel bleu
58%
1 Comme si
58%
5 Rêves de gosse
58%
5 Le doc
56%
15 Météore
56%
6 Neuer
56%
2 Nino Brown
56%
4 Tokarev
56%
11 6.45i
53%
7 Crack
53%
19 Loup noir
53%
5 MAC 11
53%
10 Poupée russe
53%
7 Skydweller
53%
16 Temps mort
53%
14 Ca va (feat. Lacrim)
51%
6 Genny & Ciiro
51%
12 Gris
51%
15 Incompris
51%
11 Ivresse & Hennessy
51%
13 J'reviens de loin
51%
14 Le code
51%
10 Mort de rire
51%
11 Drogue prohibée
49%
4 Garcimore
49%
9 Ma kush
49%
2020 Mauvais (feat. Naza)
49%
17 Mode Akimbo (feat. Jul)
49%
17 Ah gars
47%
1 (Bonus) CEO
47%
7 Deux mille
47%
10 Dix-neuf
47%
8 Facile
47%
7 Les hommes aux yeux noirs
47%
8 Mauvaises idées
47%
3 Mayday (feat. Ninho)
47%
17 Calabre
44%
1 Cervelle
44%
11 Ciment
44%
15 Hells Kitchen
44%
6 Miroirs
44%
21 Tempête
44%
7 Alleluia
42%
6 Cannelloni
42%
3 Crois-moi
42%
4 Dans la tête
42%
20 Fantôme (feat. Le Rat Luciano & Jul)
42%
6 R.A.C
42%
2 (Bonus) Adorable
40%
4 Aluminium
40%
11 Balafres
40%
9 Beaux-arts
40%
10 Ca ira
40%
13 Corrida
40%
18 Dernière ligne droite (feat. Laylow)
40%
12 Essuie tes larmes
40%
15 Frime
40%
12 J't'en prie
40%
13 La pluie
40%
5 Mannschaft (feat. Freeze Corleone)
40%
17 Missiles
40%
4 Petit cœur
40%
8 Quoi
40%
8 Soldi famiglia (feat. Sfera Ebbasta)
40%
2 Stigmates
40%
12 Super Silver Haze (feat. Heuss L'enfoiré)
40%
5 Tant pis
40%
4 Day Date
38%
19 (Bonus) Hells Angels
38%
3 Le taulier
38%
2 LIF
38%
10 Lilou Dallas
38%
2 Trop énorme
38%
2 All Eyes On Me
36%
18 Batterie vide
36%
3 Fournaise
36%
6 Grand bain
36%
6 Les années de plomb
36%
9 Quand on était momes
36%
15 Quartiers nord
36%
9 Zone à danger
36%
14 Anamnèse
33%
2020 Bande organisée [13 Organisé]
33%
10 Euro
33%
2018 Hier (feat. PLK)
33%
14 Jimmy Twice
33%
1 Le baptême
33%
7 Pas la paix
33%
15 Raison
33%
9 Solitude (feat. Rim'k)
33%
11 Assoces
31%
13 Blanc Bleu
31%
1 Gibraltar
31%
5 Interlude - 420 mètres
31%
1 Intro - Le déluge
31%
5 La recette
31%
16 L'Opinel
31%
18 Mafia
31%
1 Magnum
31%
2015 Morpheus
31%
7 Paye
31%
11 Rose noire
31%
3 Allez leur dire
29%
16 Interlude - Jour d'octobre
29%
3 Niobe
29%
12 Parano
29%
13 Tirer un trait
29%
13 Interlude - Beretta 92FS
27%
17 King
27%
12 Slow Mo
27%
1 Intro - Ego sum
24%
8 La battue
24%
2015 La mallette
24%
2025 Train Mistral
24%
11 83 K
22%
2022 Fade Up (feat. Zeg P & Hamza)
22%
14 Le coup d'avance
22%
18 Lumière blanche (Ad Finem)
22%
10 D'hier à aujourd'hui
20%
10 La rennaissance
20%
16 Plus rien à se dire
20%
5 Interlude - Avversita
18%
2023 Magot (feat. Werenoi)
18%
2020 9113 (feat. Zola)
16%
14 Actes
16%
2019 Cigarette (feat. Kaaris)
16%
14 Every Day (feat. Capo Plaza & Soolking)
16%
16 Madre Mia (feat. Morad)
16%
4 Marginaux (feat. Dinos)
16%
8 Transmission Automatique (feat. So La Lune)
16%
7 Vivienne Westwood
16%
9 Blue Bahamas
13%
12 Cœur de môme
13%
15 Comme Avant
13%
2019 HS (feat. Hamza)
13%
2021 Incontrolables (feat. PLK)
11%
2020 Mother Fuck (feat. Jul)
11%
5 Offshore
11%
2015 6.35 (feat. Lacrim & Sadek)
9%
2019 Dernier retrait (feat. SCH)
9%
2016 La Paresse (feat. Sadek)
9%
2022 Ma Baby (feat. Dinos)
9%
2016 Mauvais payeur (feat. Niska)
9%
2025 Un monde à l'autre (feat. Gims & La Mano 1.9) [GP Explorer]
9%
2020 Valise (feat. Rim'k & Koba LaD)
9%
2023 Automatic (feat. Kaaris)
7%
2021 La danse des bandits (feat. Naps)
7%
2021 Les derniers marioles (feat. Soso Maness)
7%
2020 Maryline (feat. Soolking)
7%
2024 Paradis (feat. Shay)
7%
2024 POISON (feat. Dospunto)
7%
2017 Rien de lavable (feat. Rim'k)
7%
2015 Aniki, mon frère (feat. Hooss)
4%
2016 Balenciaga (feat. Sfera Ebbasta)
4%
2018 Caractère (feat. Kofs)
4%
2020 Coffre-fort (feat. Naps)
4%
2023 Extendo (feat. Vladimir Cauchemar & Unknown T)
4%
2021 Goyard (feat. Alonzo)
4%
2024 La vie de star (feat. Maes & Werenoi)
4%
2021 Le classico organisé [Le classico organisé]
4%
2025 Le poison (feat. Zamdane)
4%
2020 L'étoile sur le maillot [13 Organisé]
4%
2015 Où sont les € (feat. Kaaris & Worms-T)
4%
2020 Pavel (feat. 13 Block)
4%
2025 PITLANE (Bonus) (feat. ElGrandeToto, HoussBad, Zamdane, Zed & 1PLIKÉ140) [GP Explorer]
4%
2025 Poursuite (feat. Charlotte Cardin) [GP Explorer]
4%
2025 Saint Laurent (feat. OBOY)
4%
2021 Sapapaya (feat. L'Algérino & Jul)
4%
2024 Tiki Taka (feat. Soolking)
4%
12 02:00 (feat. Damso)
2%
2020 13 Organisé [13 Organisé]
2%
2020 American Airlines (feat. Sofiane)
2%
2016 Booska Prequel
2%
2023 Chiens Fantômes (feat. Akhenaton)
2%
2021 Diamant (feat. Dj Quick & Alonzo)
2%
2020 Diva (feat. RK)
2%
2022 Dreamlife (feat. Naps)
2%
2018 INTERNATIONAL GANGSTAS (feat. Farid Bang, CAPO & 6ix9ine)
2%
2020 Je suis Marseille [13 Organisé]
2%
2017 Laisse-les (feat. Lacrim)
2%
2021 La vie du binks (feat. DA Uzi, Hornet La Frappe, Leto, Ninho, Sadek & Soprano)
2%
2021 Légendaire [Le classico organisé]
2%
2020 Ni amour ni amitié (feat. DA Uzi)
2%
2024 PLAGE ENNEIGEE (feat. WarEnd)
2%
2019 Secteur (feat. Le A)
2%
2020 Smile (feat. Lefa)
2%
2022 Spéciale (feat. Fresh)
2%
2023 Suspects (feat. So La Lune)
2%
2022 Va jober (feat. Soso Maness)
2%
2020 X2 (feat. twinsmatc)
2%
2018 XNX (feat. Sfera Ebbasta)
2%
2021 Avengers (feat. Naps, Jul & Kalif Hardcore)
0%
2015 Booskalpel
0%
2016 BooskAnarchie
0%
2020 C'est maintenant [13 Organisé]
0%
2021 C'est pas un film [Le classico organisé]
0%
2020 Comme un dream (feat. Guirri Mafia)
0%
2019 Cursus (feat. Le A)
0%
2024 Le trio ternura (feat. Alonzo & Jul)
0%
2015 Mon frelo (feat. Kore, Laspo Laps, Lacrim, Sadek & Aurélien Mazin)
0%
9 Mutlirécidiviste
0%
2021 Planète Mars 2021 (feat. Soprano, Alonzo & Jul)
0%
2019 Solvable, Partie 1 (feat. Niro)
0%
2015 Tony (feat. Kore & Lacrim)
0%
Aucun quiz correspondant
Distribution des résultats
% des personnes avec chaque résultat
Percentile par nombre de réponses
Votre historique - résultats
Vous n’avez pas pris ce quiz